000 00447nam a2200181Ia 4500
001 23916
005 20260414151009.0
008 260414t2021||||xx |||||||||||||| ||spa||
041 _aESP
082 _a720.985
_bG23
100 _aGarcía Bryce, José
_eAUT
245 0 _aJosé García Bryce :
_blos goces de la memoria
260 _c2021
300 _a474 páginas :
_c26 cm.
650 _aABD
654 _aCAU
942 _cLIB
_dJUS
_fJUS
_2ddc
_n
999 _c23916
_d23916